000 00598nam a2200169Ia 4500
008 090711s9999 xx 000 0 und d
082 _b72771
100 _aबेलसरे केशव वि.
245 _aश्री ज्ञानेश्वर महाराज
260 _c1993
300 _a16
600 _aबेलसरे केशव वि.
630 _aश्री ज्ञानेश्वर महाराज
700 _aबेलसरे केशव वि.
730 _aश्री ज्ञानेश्वर महाराज
942 _cBOOK
999 _c281180
_d281180